[Event "Gibraltar Chess Festival 2017 - Masters"]
[Site "Gibraltar ENG"]
[Date "2017.01.24"]
[Round "1.1"]
[White "Caruana, Fabiano"]
[Black "Rakesh, Kumar Jena"]
[Result "1-0"]
[WhiteElo "2827"]
[BlackElo "2335"]
[PlyCount "81"]
[EventDate "2017.01.24"]
[EventType "swiss"]
[EventRounds "10"]
[EventCountry "ENG"]
[SourceTitle "Ajedrez en Madrid"]
[Source "lmi"]
[SourceDate "2017.01.24"]

1. c4 c6 2. Nf3 Nf6 3. Nc3 d5 4. e3 a6 5. d4 g6 6. Bd3 Bg7 7. O-O O-O 8. Qc2 b5
9. b3 Bb7 10. Bb2 Nbd7 11. Rfd1 Rc8 12. c5 Re8 13. h3 Qc7 14. Ne2 a5 15. a3 Ra8
16. b4 Ra7 17. a4 bxa4 18. Rxa4 Rea8 19. Rda1 Bc8 20. b5 cxb5 21. Bxb5 Nb8 22.
Ne5 Nfd7 23. Nd3 Nb6 24. R4a3 Ba6 25. Bxa6 Rxa6 26. Nc3 Nc4 27. Nxd5 Nxa3 28.
Bxa3 Qd8 29. Nb6 R8a7 30. Rb1 Nd7 31. Nxd7 Rxd7 32. Qc4 Qc8 33. d5 Ra8 34. c6
Rc7 35. Rb5 Qa6 36. Rb8+ Bf8 37. Qxa6 Rxa6 38. Bxe7 Rxe7 39. d6 Raa7 40. dxe7
Rxe7 41. Nc5 1-0

[Event "Gibraltar Chess Festival 2017 - Masters"]
[Site "Gibraltar ENG"]
[Date "2017.01.24"]
[Round "1.2"]
[White "Sodoma, Jan"]
[Black "Vachier-Lagrave, Maxime"]
[Result "0-1"]
[WhiteElo "2344"]
[BlackElo "2796"]
[PlyCount "78"]
[EventDate "2017.01.24"]
[EventType "swiss"]
[EventRounds "10"]
[EventCountry "ENG"]
[SourceTitle "Ajedrez en Madrid"]
[Source "lmi"]
[SourceDate "2017.01.24"]

1. d4 Nf6 2. Nf3 g6 3. g3 Bg7 4. Bg2 d5 5. O-O O-O 6. c4 dxc4 7. Na3 c3 8. bxc3
c5 9. e3 Nc6 10. Nc4 Be6 11. Qe2 Rc8 12. Nfe5 Nd5 13. Bd2 Nxe5 14. Nxe5 Qd6 15.
Nd3 Qa6 16. Nf4 Qxe2 17. Nxe2 Rfd8 18. Rfc1 b6 19. a4 Nf6 20. Be1 Bc4 21. Bf1
e5 22. f3 e4 23. fxe4 Nxe4 24. Nf4 Bxf1 25. Kxf1 Re8 26. Ke2 Nf6 27. Bf2 Rcd8
28. Rd1 g5 29. Ng2 Ne4 30. Rac1 f5 31. h3 Bf8 32. Kf3 Bd6 33. Ne1 g4+ 34. hxg4
fxg4+ 35. Kg2 c4 36. Rc2 Rf8 37. Rb1 Rf6 38. Kg1 Rdf8 39. Rbb2 Nxg3 0-1

[Event "Gibraltar Chess Festival 2017 - Masters"]
[Site "Gibraltar ENG"]
[Date "2017.01.24"]
[Round "1.4"]
[White "Papp, Petra"]
[Black "Ivanchuk, Vassily"]
[Result "0-1"]
[WhiteElo "2352"]
[BlackElo "2752"]
[PlyCount "178"]
[EventDate "2017.01.24"]
[EventType "swiss"]
[EventRounds "10"]
[EventCountry "ENG"]
[SourceTitle "Ajedrez en Madrid"]
[Source "lmi"]
[SourceDate "2017.01.24"]

1. e4 e5 2. Nf3 Nf6 3. Nxe5 d6 4. Nf3 Nxe4 5. Nc3 Nxc3 6. dxc3 Be7 7. Be3 Nc6
8. Qd2 O-O 9. O-O-O Bf5 10. Nd4 Nxd4 11. cxd4 Re8 12. Bd3 Qd7 13. h3 d5 14. Bf4
c6 15. Rde1 Bf8 16. Bxf5 Qxf5 17. g4 Qd7 18. Rxe8 Rxe8 19. Re1 f6 20. f3 Kf7
21. Re3 g6 22. Rxe8 Qxe8 23. Kd1 Qd7 24. Bg3 Bd6 25. Qh2 Ke7 26. Kd2 Bb4+ 27.
c3 Ba5 28. Qe2+ Kf7 29. Kc2 Bd8 30. Qe3 Qe6 31. Qxe6+ Kxe6 32. Kd3 b5 33. b3
Be7 34. Bb8 a6 35. Bf4 Bf8 36. Ke3 b4 37. cxb4 Bxb4 38. Kd3 Kd7 39. Bg3 Ba3 40.
Kc3 Kc8 41. Bf4 a5 42. Bg3 Kb7 43. Bh4 f5 44. Bg5 Kb6 45. Bh6 Kb5 46. h4 a4 47.
h5 gxh5 48. gxh5 Be7 49. Bf4 Bf6 50. Bd6 axb3 51. axb3 Kb6 52. Kd3 Bg5 53. Kc3
Kb7 54. Be5 Be7 55. Kd3 Kc8 56. Ke3 Kd7 57. Kf4 Ke6 58. Bc7 Bh4 59. Bb8 Bf2 60.
Ba7 Kf6 61. Bb6 Be1 62. Bd8+ Ke6 63. Kg5 Bd2+ 64. Kh4 Be1+ 65. Kg5 Bd2+ 66. Kh4
Be3 67. Bb6 Kd7 68. Kg3 Kc8 69. Kg2 Kd7 70. Kh3 Ke7 71. Kh4 Ke6 72. Kg3 Kf6 73.
Bd8+ Kg7 74. Kh4 Kh6 75. Bf6 Bf2+ 76. Kh3 Kxh5 77. Kg2 Be3 78. Kg3 Bd2 79. Be7
Kg6 80. Kh4 Bc3 81. Bc5 Be1+ 82. Kh3 Kg5 83. Kg2 Kf4 84. Kf1 Bh4 85. Ke2 Kg3
86. Bd6+ Kg2 87. Be5 h5 88. Ke3 Bg3 89. Bf6 f4+ 0-1

[Event "Gibraltar Chess Festival 2017 - Masters"]
[Site "Gibraltar ENG"]
[Date "2017.01.24"]
[Round "1.6"]
[White "Bellon Lopez, Juan Manuel"]
[Black "Svidler, Peter"]
[Result "0-1"]
[WhiteElo "2339"]
[BlackElo "2748"]
[PlyCount "52"]
[EventDate "2017.01.24"]
[EventType "swiss"]
[EventRounds "10"]
[EventCountry "ENG"]
[SourceTitle "Ajedrez en Madrid"]
[Source "lmi"]
[SourceDate "2017.01.24"]

1. d4 Nf6 2. Bg5 e6 3. e3 h6 4. Bh4 c5 5. c3 Nc6 6. Nd2 b6 7. a3 Bb7 8. Ngf3 g5
9. Bg3 Nh5 10. Be5 Nxe5 11. Nxe5 Nf6 12. h4 Rg8 13. hxg5 hxg5 14. Ng4 Bg7 15.
Nxf6+ Bxf6 16. Rh7 Ke7 17. Qh5 Qf8 18. O-O-O Rh8 19. dxc5 bxc5 20. Nb3 d6 21.
f3 Qg7 22. Qh2 Bd5 23. Rh3 Bxc3 24. Nd4 cxd4 25. bxc3 dxe3 26. Rd4 Rhc8 0-1

[Event "Gibraltar Chess Festival 2017 - Masters"]
[Site "Gibraltar ENG"]
[Date "2017.01.24"]
[Round "1.8"]
[White "Sahl, Bjarke"]
[Black "Yu, Yangyi"]
[Result "0-1"]
[WhiteElo "2363"]
[BlackElo "2738"]
[PlyCount "92"]
[EventDate "2017.01.24"]
[EventType "swiss"]
[EventRounds "10"]
[EventCountry "ENG"]
[SourceTitle "Ajedrez en Madrid"]
[Source "lmi"]
[SourceDate "2017.01.24"]

1. d4 Nf6 2. Nf3 b6 3. c4 Bb7 4. Nc3 e6 5. g3 Bb4 6. Bd2 c5 7. a3 Bxc3 8. Bxc3
Ne4 9. Rc1 O-O 10. Bg2 d6 11. O-O Nd7 12. Qd3 cxd4 13. Bxd4 e5 14. Be3 f5 15.
Nd2 Ndc5 16. Qc2 Qc7 17. Bxc5 Nxc5 18. Bd5+ Kh8 19. b4 Nd7 20. Nf3 Rac8 21.
Bxb7 Qxb7 22. Qd2 e4 23. Ng5 h6 24. Ne6 Rfe8 25. Nd4 Rf8 26. Nb5 Ne5 27. Qxd6
Rce8 28. Qd5 Qe7 29. Nd6 Rd8 30. c5 Qf6 31. Rcd1 Rd7 32. c6 Nxc6 33. Qxc6 Rfd8
34. Qa4 Rxd6 35. Rxd6 Rxd6 36. Qxa7 Kh7 37. Qb7 Qb2 38. Qc7 Rf6 39. e3 Qxa3 40.
Qc4 Qa4 41. Qd4 Qb5 42. Rd1 Qe2 43. Qd5 h5 44. h4 Rg6 45. Rc1 f4 46. Rc8 Qe1+
0-1

[Event "Gibraltar Chess Festival 2017 - Masters"]
[Site "Gibraltar ENG"]
[Date "2017.01.24"]
[Round "1.9"]
[White "Vitiugov, Nikita"]
[Black "Siva, Mahadevan"]
[Result "1-0"]
[WhiteElo "2724"]
[BlackElo "2356"]
[PlyCount "65"]
[EventDate "2017.01.24"]
[EventType "swiss"]
[EventRounds "10"]
[EventCountry "ENG"]
[SourceTitle "Ajedrez en Madrid"]
[Source "lmi"]
[SourceDate "2017.01.24"]

1. d4 Nf6 2. Nf3 g6 3. g3 Bg7 4. Bg2 O-O 5. O-O d5 6. c4 c6 7. Nbd2 Bf5 8. b3
Ne4 9. Bb2 Qa5 10. Qc1 Nd7 11. Rd1 Rac8 12. Nh4 Nxd2 13. Bc3 Qa6 14. Nxf5 gxf5
15. Bxd2 Bxd4 16. Bh6 Bxa1 17. Qxa1 Nf6 18. Qe5 Rfe8 19. Bh3 Rcd8 20. Bxf5 c5
21. Be6 Kh8 22. Bxf7 dxc4 23. Rxd8 Rxd8 24. Qg5 Nh5 25. Bxh5 Qf6 26. bxc4 Qxg5
27. Bxg5 Rd4 28. Bf3 Rxc4 29. Bxb7 Rb4 30. Bd5 Rd4 31. e4 c4 32. Bxe7 Kg7 33.
Bb4 1-0

[Event "Gibraltar Chess Festival 2017 - Masters"]
[Site "Gibraltar ENG"]
[Date "2017.01.24"]
[Round "1.10"]
[White "Bellin, Robert"]
[Black "Gelfand, Boris"]
[Result "1/2-1/2"]
[WhiteElo "2353"]
[BlackElo "2721"]
[PlyCount "62"]
[EventDate "2017.01.24"]
[EventType "swiss"]
[EventRounds "10"]
[EventCountry "ENG"]
[SourceTitle "Ajedrez en Madrid"]
[Source "lmi"]
[SourceDate "2017.01.24"]

1. d4 Nf6 2. Bf4 g6 3. e3 Bg7 4. Nf3 O-O 5. Be2 d6 6. O-O c5 7. c3 b6 8. h3 Bb7
9. Nbd2 Nbd7 10. a4 a6 11. Bh2 Ra7 12. Qb3 Qa8 13. Rfd1 Ne4 14. Bf1 Bd5 15. Qa3
Rc7 16. Nxe4 Bxe4 17. Nd2 Bd5 18. Re1 f5 19. Rad1 Nf6 20. c4 Bf7 21. b4 a5 22.
b5 Rd8 23. Be2 g5 24. Bf3 Ne4 25. Qd3 Bg6 26. g4 e6 27. Bg2 Rcd7 28. Nxe4 fxe4
29. Qb3 Bf6 30. d5 Re8 31. Qc2 exd5 1/2-1/2

[Event "Gibraltar Chess Festival 2017 - Masters"]
[Site "Gibraltar ENG"]
[Date "2017.01.24"]
[Round "1.11"]
[White "Naiditsch, Arkadij"]
[Black "Kulkarni, Rakesh"]
[Result "1-0"]
[WhiteElo "2702"]
[BlackElo "2344"]
[PlyCount "49"]
[EventDate "2017.01.24"]
[EventType "swiss"]
[EventRounds "10"]
[EventCountry "ENG"]
[SourceTitle "Ajedrez en Madrid"]
[Source "lmi"]
[SourceDate "2017.01.24"]

1. c4 e5 2. Nc3 Nc6 3. Nf3 f5 4. d4 e4 5. Ng5 h6 6. Nh3 g5 7. e3 Nf6 8. Be2 Bg7
9. f3 exf3 10. gxf3 d5 11. Nf2 Be6 12. e4 fxe4 13. fxe4 O-O 14. cxd5 Nxd5 15.
exd5 Bxd5 16. O-O Bxd4 17. Be3 Bxe3 18. Qxd5+ Kg7 19. Kg2 Qe7 20. Qe4 Rae8 21.
Bh5 Qxe4+ 22. Nfxe4 Rd8 23. Rxf8 Rxf8 24. Nd5 Bd4 25. Nxc7 1-0

[Event "Gibraltar Chess Festival 2017 - Masters"]
[Site "Gibraltar ENG"]
[Date "2017.01.24"]
[Round "1.12"]
[White "Piasetski, Leon"]
[Black "Matlakov, Maxim"]
[Result "0-1"]
[WhiteElo "2327"]
[BlackElo "2701"]
[PlyCount "74"]
[EventDate "2017.01.24"]
[EventType "swiss"]
[EventRounds "10"]
[EventCountry "ENG"]
[SourceTitle "Ajedrez en Madrid"]
[Source "lmi"]
[SourceDate "2017.01.24"]

1. Nf3 d5 2. e3 Nf6 3. c4 e6 4. b3 Bd6 5. Bb2 O-O 6. d4 b6 7. Bd3 Bb7 8. O-O
Nbd7 9. Nc3 a6 10. cxd5 exd5 11. Ne2 Qe7 12. Ng3 g6 13. Qe2 Ne4 14. Rfc1 h5 15.
Rc2 h4 16. Nf1 h3 17. g3 c5 18. Rac1 a5 19. Bb5 Qe6 20. Ne1 a4 21. bxa4 c4 22.
f3 Nef6 23. Bc3 Ba3 24. Rb1 Bc6 25. Qd1 Rxa4 26. Bxa4 Bxa4 27. Bb4 Bxb4 28.
Rxb4 Ra8 29. Rxa4 Rxa4 30. Rb2 Ra3 31. Qc2 Nh7 32. Kf2 Ng5 33. Qb1 Kg7 34. Re2
Nf6 35. Qb4 Rd3 36. Nd2 Qf5 37. Kg1 c3 0-1

[Event "Gibraltar Chess Festival 2017 - Masters"]
[Site "Gibraltar ENG"]
[Date "2017.01.24"]
[Round "1.13"]
[White "Cheparinov, Ivan"]
[Black "Mannion, Stephen R"]
[Result "1-0"]
[WhiteElo "2689"]
[BlackElo "2326"]
[PlyCount "93"]
[EventDate "2017.01.24"]
[EventType "swiss"]
[EventRounds "10"]
[EventCountry "ENG"]
[SourceTitle "Ajedrez en Madrid"]
[Source "lmi"]
[SourceDate "2017.01.24"]

1. d4 d5 2. c4 dxc4 3. e4 e5 4. Nf3 Bb4+ 5. Nc3 exd4 6. Nxd4 Nd7 7. Bxc4 Ngf6
8. O-O O-O 9. Bg5 Bxc3 10. bxc3 Ne5 11. Bd5 h6 12. Bxf6 Qxf6 13. f4 Ng6 14. e5
Qd8 15. Bb3 c5 16. Nb5 Qb6 17. Bc4 Be6 18. Qe2 Rad8 19. Nd6 Rxd6 20. exd6 Bxc4
21. Qxc4 Qxd6 22. Rad1 Qc7 23. Qe4 f5 24. Qe6+ Qf7 25. Qxf7+ Rxf7 26. g3 Rc7
27. Rd5 Ne7 28. Rd8+ Kf7 29. Rfd1 b5 30. R8d7 Rxd7 31. Rxd7 Ke6 32. Rxa7 Nd5
33. Ra6+ Kd7 34. c4 bxc4 35. Kf2 Kc7 36. Ke2 Kb7 37. Rg6 Nc3+ 38. Kd2 Nxa2 39.
h4 Kc7 40. h5 Kd7 41. Rxg7+ Kd6 42. Rg6+ Kd5 43. Rxh6 c3+ 44. Kd3 Nc1+ 45. Kxc3
Ne2+ 46. Kc2 Nxg3 47. Rf6 1-0

[Event "Gibraltar Chess Festival 2017 - Masters"]
[Site "Gibraltar ENG"]
[Date "2017.01.24"]
[Round "1.14"]
[White "De Haan, Eric"]
[Black "Kovalenko, Igor"]
[Result "0-1"]
[WhiteElo "2319"]
[BlackElo "2684"]
[PlyCount "100"]
[EventDate "2017.01.24"]
[EventType "swiss"]
[EventRounds "10"]
[EventCountry "ENG"]
[SourceTitle "Ajedrez en Madrid"]
[Source "lmi"]
[SourceDate "2017.01.24"]

1. d4 e6 2. c4 d5 3. Nc3 Bb4 4. a3 Bxc3+ 5. bxc3 Ne7 6. e3 c5 7. Bd3 Qc7 8.
cxd5 cxd4 9. Qa4+ Nd7 10. Qxd4 e5 11. Qc4 Nxd5 12. Qxc7 Nxc7 13. a4 Nc5 14. Bc2
Bd7 15. Nf3 f6 16. Nd2 Bc6 17. Ba3 N7e6 18. a5 Kf7 19. f3 Rhd8 20. Ke2 Rd7 21.
Rhd1 Bb5+ 22. c4 Bc6 23. Nb3 Na4 24. Bb4 Rxd1 25. Rxd1 Nb2 26. Rc1 Nxc4 27. Bb1
Nb2 28. Nc5 Nxc5 29. Rxc5 Rd8 30. Ba2+ Ke8 31. Bb1 g6 32. Bc2 Ba4 33. Bxa4+
Nxa4 34. Rc2 Rd7 35. Ra2 b5 36. Rc2 f5 37. Rc6 Kf7 38. Bd6 e4 39. fxe4 fxe4 40.
Be5 b4 41. Rc4 Rb7 42. a6 Rb5 43. Bd4 Ke6 44. Rc7 b3 45. Rb7 Nb6 46. Bb2 Ra5
47. Kd2 Rxa6 48. Bd4 Ra2+ 49. Kc3 b2 50. Kc2 Nc4 0-1

[Event "Gibraltar Chess Festival 2017 - Masters"]
[Site "Gibraltar ENG"]
[Date "2017.01.24"]
[Round "1.15"]
[White "Zvjaginsev, Vadim"]
[Black "Welling, Gerard"]
[Result "1-0"]
[WhiteElo "2679"]
[BlackElo "2314"]
[PlyCount "81"]
[EventDate "2017.01.24"]
[EventType "swiss"]
[EventRounds "10"]
[EventCountry "ENG"]
[SourceTitle "Ajedrez en Madrid"]
[Source "lmi"]
[SourceDate "2017.01.24"]

1. e4 d5 2. exd5 Qxd5 3. Nc3 Qd8 4. d4 Nf6 5. Nf3 Bg4 6. h3 Bxf3 7. Qxf3 c6 8.
Be3 e6 9. O-O-O Bb4 10. Ne4 Nxe4 11. Qxe4 Qd5 12. Qxd5 cxd5 13. c4 dxc4 14.
Bxc4 O-O 15. Be2 Nc6 16. d5 exd5 17. Rxd5 Rac8 18. Kb1 Rfd8 19. Rhd1 b6 20. Rd7
Bc5 21. Bxc5 bxc5 22. Bf3 Nd4 23. Rxa7 Nxf3 24. Rxd8+ Rxd8 25. gxf3 h5 26. Kc2
Rd4 27. Rc7 Rh4 28. Rc8+ Kh7 29. Rxc5 Rxh3 30. b4 Rxf3 31. Rxh5+ Kg6 32. Rh1
Rxf2+ 33. Kb3 Kf6 34. b5 Ke6 35. Rd1 Rf5 36. a4 Rd5 37. Rc1 Kd7 38. b6 Rd6 39.
Rc7+ Kd8 40. a5 Rd7 41. Rc1 1-0

[Event "Gibraltar Chess Festival 2017 - Masters"]
[Site "Gibraltar ENG"]
[Date "2017.01.24"]
[Round "1.16"]
[White "Lombaers, Peter"]
[Black "Short, Nigel D"]
[Result "1/2-1/2"]
[WhiteElo "2314"]
[BlackElo "2675"]
[PlyCount "133"]
[EventDate "2017.01.24"]
[EventType "swiss"]
[EventRounds "10"]
[EventCountry "ENG"]
[SourceTitle "Ajedrez en Madrid"]
[Source "lmi"]
[SourceDate "2017.01.24"]

1. d4 Nf6 2. c4 e6 3. Nc3 Bb4 4. e3 d5 5. cxd5 exd5 6. Bd3 c5 7. Nge2 Nc6 8. a3
cxd4 9. axb4 dxc3 10. b5 Ne5 11. bxc3 O-O 12. O-O Re8 13. Nf4 b6 14. Ra4 Bb7
15. Bb2 Qc7 16. Qc2 Nc4 17. Rfa1 Ne4 18. Rxa7 Rxa7 19. Rxa7 Qc8 20. Ra4 g6 21.
Ba3 Qd7 22. Bxc4 dxc4 23. Rxc4 Ra8 24. Rd4 Qxb5 25. Bb4 Nc5 26. f3 Ba6 27. Rd1
Bb7 28. e4 Qc4 29. Qd2 Bc6 30. Qd4 Qb3 31. h4 h5 32. Qd6 Nb7 33. Qd3 Rd8 34.
Nd5 Bxd5 35. exd5 Nd6 36. Bxd6 Rxd6 37. c4 Qb4 38. Qd4 Kh7 39. Kh2 Rd7 40. d6
Qa4 41. Rb1 Rb7 42. Qd5 Ra7 43. Rxb6 Qe8 44. Rb4 Qe1 45. Qd4 Qxb4 46. Qxa7
Qxd6+ 47. g3 Qd2+ 48. Kh3 Kg7 49. Qa1+ Kg8 50. Qf1 Qc2 51. g4 hxg4+ 52. fxg4
Qc3+ 53. Kg2 Qc2+ 54. Kf3 f5 55. Qe2 fxg4+ 56. Kf2 Qc3 57. Qxg4 Qd2+ 58. Kf1
Qc1+ 59. Ke2 Qc2+ 60. Ke3 Qc3+ 61. Kf2 Qd2+ 62. Kg3 Qc3+ 63. Kg2 Qc2+ 64. Kh3
Qd3+ 65. Qg3 Qxc4 66. Qxg6+ Kh8 67. Qh6+ 1/2-1/2

[Event "Gibraltar Chess Festival 2017 - Masters"]
[Site "Gibraltar ENG"]
[Date "2017.01.24"]
[Round "1.17"]
[White "Shankland, Samuel L"]
[Black "Webb, Laurence E"]
[Result "1-0"]
[WhiteElo "2674"]
[BlackElo "2313"]
[PlyCount "117"]
[EventDate "2017.01.24"]
[EventType "swiss"]
[EventRounds "10"]
[EventCountry "ENG"]
[SourceTitle "Ajedrez en Madrid"]
[Source "lmi"]
[SourceDate "2017.01.24"]

1. e4 e6 2. d4 d5 3. Nc3 Bb4 4. e5 c5 5. a3 Bxc3+ 6. bxc3 Qa5 7. Bd2 Qa4 8. Qb1
c4 9. Nh3 Ne7 10. Nf4 Nbc6 11. Nh5 Rg8 12. g3 Bd7 13. Bh3 O-O-O 14. O-O Kb8 15.
Qb2 Nc8 16. f4 Nb6 17. g4 Qa5 18. Qc1 Na4 19. Qe1 Ka8 20. Kh1 Rdf8 21. f5 Qd8
22. Qg3 a6 23. Nf4 Qa5 24. Qg2 g6 25. fxe6 Bxe6 26. Nxe6 fxe6 27. Rf6 Nd8 28.
Rb1 Nb6 29. g5 Re8 30. Bg4 Nd7 31. Qh3 Nxf6 32. exf6 Qc7 33. Rf1 Qf7 34. Bf4
Nc6 35. Qe3 h6 36. h4 Rh8 37. Kg2 hxg5 38. hxg5 Rh4 39. Qe2 Ka7 40. Bg3 Rhh8
41. Re1 Qh7 42. Qf2 Qf7 43. Qf4 a5 44. a4 Ka6 45. Qd6 Qf8 46. Qxf8 Rhxf8 47.
Rxe6 Rxe6 48. Bxe6 Nd8 49. Bxd5 b5 50. Bd6 Rh8 51. Kg3 Rh7 52. Be7 Rh8 53. Kf4
bxa4 54. Bxc4+ Kb6 55. f7 Nxf7 56. Bxf7 Rh1 57. Bxg6 Rf1+ 58. Ke5 Re1+ 59. Be4
1-0

[Event "Gibraltar Chess Festival 2017 - Masters"]
[Site "Gibraltar ENG"]
[Date "2017.01.24"]
[Round "1.18"]
[White "Wantiez, Fabrice"]
[Black "Fressinet, Laurent"]
[Result "0-1"]
[WhiteElo "2312"]
[BlackElo "2660"]
[PlyCount "80"]
[EventDate "2017.01.24"]
[EventType "swiss"]
[EventRounds "10"]
[EventCountry "ENG"]
[SourceTitle "Ajedrez en Madrid"]
[Source "lmi"]
[SourceDate "2017.01.24"]

1. e4 d6 2. d4 g6 3. Nc3 Bg7 4. Nf3 a6 5. a4 Nf6 6. Bc4 O-O 7. Qe2 Bg4 8. h3
Bxf3 9. Qxf3 Nc6 10. Qd1 Nxe4 11. Bxf7+ Rxf7 12. Nxe4 Bxd4 13. c3 d5 14. cxd4
dxe4 15. Be3 e5 16. dxe5 Nxe5 17. Qb3 Nd3+ 18. Ke2 c6 19. h4 Qd5 20. Qxd5 cxd5
21. h5 g5 22. h6 Rc8 23. Rh5 Rxf2+ 24. Bxf2 Nf4+ 25. Ke3 Nxh5 26. Kd4 Nf6 27.
Bg3 Kf7 28. b3 Ke6 29. Be5 Ng4 30. Bg7 Rc2 31. Rf1 Rd2+ 32. Kc3 e3 33. Rf8 Rxg2
34. Re8+ Kf7 35. Rb8 e2 36. Rxb7+ Ke6 37. Kd2 Nh2 38. Bc3 Nf3+ 39. Kc1 d4 40.
Ba5 d3 0-1

[Event "Gibraltar Chess Festival 2017 - Masters"]
[Site "Gibraltar ENG"]
[Date "2017.01.24"]
[Round "1.19"]
[White "Ganguly, Surya Shekhar"]
[Black "Tate, Alan"]
[Result "1/2-1/2"]
[WhiteElo "2657"]
[BlackElo "2309"]
[PlyCount "113"]
[EventDate "2017.01.24"]
[EventType "swiss"]
[EventRounds "10"]
[EventCountry "ENG"]
[SourceTitle "Ajedrez en Madrid"]
[Source "lmi"]
[SourceDate "2017.01.24"]

1. e4 e5 2. Nf3 Nc6 3. Bb5 Nf6 4. d3 Bc5 5. c3 O-O 6. O-O d5 7. Nbd2 dxe4 8.
dxe4 Qe7 9. h3 a5 10. a4 Rd8 11. Qc2 Nb8 12. Re1 Nbd7 13. Bf1 Nf8 14. Nc4 Ng6
15. g3 b6 16. Nfd2 Qe6 17. Nb3 Bf8 18. Be3 Ba6 19. Nbd2 Qc6 20. b3 h6 21. Reb1
Bc5 22. Bxc5 Qxc5 23. b4 axb4 24. cxb4 Qd4 25. Re1 Qd7 26. Nb3 Bxc4 27. Qxc4
Rxa4 28. Rxa4 Qxa4 29. Qxc7 Rd7 30. Qc4 Qa8 31. Bg2 Qd8 32. Kh2 Rc7 33. Qe2 Rc3
34. Rb1 Rd3 35. Rb2 Nf8 36. Rd2 Rxd2 37. Qxd2 Qc7 38. Qc1 Qd6 39. Qd2 Qc7 40.
Qc1 Qxc1 41. Nxc1 Ne6 42. Nd3 Nd7 43. h4 f6 44. Bh3 Kf7 45. Nb2 b5 46. Nd3 Nb8
47. f4 Nd4 48. Bc8 Nbc6 49. Bb7 Ne7 50. Kh3 Ke6 51. Kg4 Ne2 52. Ba6 Nd4 53. Bb7
Kd6 54. Ba8 Ke6 55. Bb7 Kd6 56. Ba8 Ke6 57. Bb7 1/2-1/2

[Event "Gibraltar Chess Festival 2017 - Masters"]
[Site "Gibraltar ENG"]
[Date "2017.01.24"]
[Round "1.20"]
[White "Saravanan, V."]
[Black "Howell, David W L"]
[Result "0-1"]
[WhiteElo "2306"]
[BlackElo "2655"]
[PlyCount "104"]
[EventDate "2017.01.24"]
[EventType "swiss"]
[EventRounds "10"]
[EventCountry "ENG"]
[SourceTitle "Ajedrez en Madrid"]
[Source "lmi"]
[SourceDate "2017.01.24"]

1. Nf3 g6 2. c4 Bg7 3. e4 e5 4. d4 exd4 5. Nxd4 Nf6 6. Nc3 O-O 7. Be2 Re8 8. f3
c6 9. Nc2 d5 10. cxd5 cxd5 11. exd5 Qb6 12. Qd4 Nbd7 13. Qxb6 Nxb6 14. d6 Bd7
15. Kf2 Rac8 16. Ne3 Rc6 17. Rd1 a6 18. Nf1 Nc8 19. Bf4 Nh5 20. Be3 Nxd6 21.
Rd2 Be6 22. g4 Nf6 23. Rad1 Nc4 24. Bxc4 Rxc4 25. Bd4 b5 26. Ne3 Rc6 27. g5 Nh5
28. Ned5 h6 29. h4 Bf5 30. Ne3 Be6 31. Ned5 Bf5 32. Ne3 hxg5 33. hxg5 Nf4 34.
Nxf5 gxf5 35. Bxg7 Kxg7 36. Kg3 Nh5+ 37. Kf2 Rg6 38. Nd5 Rxg5 39. Nc7 Rc8 40.
Nxa6 Nf4 41. Nb4 Nh3+ 42. Ke3 f4+ 43. Kd3 Re5 44. Nc2 Ng5 45. Rg2 Rd5+ 46. Nd4
Kf6 47. Rgd2 Nxf3 48. Ke4 Nxd2+ 49. Kxd5 Rd8+ 50. Kc5 Ne4+ 51. Kxb5 f3 52. Kc4
f2 0-1

[Event "Gibraltar Chess Festival 2017 - Masters"]
[Site "Gibraltar ENG"]
[Date "2017.01.24"]
[Round "1.21"]
[White "Iturrizaga Bonelli, Eduardo"]
[Black "Lopez Mulet, Inigo"]
[Result "1-0"]
[WhiteElo "2652"]
[BlackElo "2304"]
[PlyCount "63"]
[EventDate "2017.01.24"]
[EventType "swiss"]
[EventRounds "10"]
[EventCountry "ENG"]
[SourceTitle "Ajedrez en Madrid"]
[Source "lmi"]
[SourceDate "2017.01.24"]

1. Nf3 d5 2. c4 e6 3. g3 Nf6 4. Bg2 dxc4 5. Qa4+ Nbd7 6. Qxc4 a6 7. Qc2 b5 8.
Nd4 Nd5 9. Nc6 Qf6 10. O-O Bd6 11. e4 Qg6 12. f4 Nb4 13. Nxb4 Bxb4 14. d4 Bb7
15. Be3 Rc8 16. a3 c5 17. f5 Qh5 18. Bf3 Qh3 19. Qe2 cxd4 20. Bg2 d3 21. Qd1
Qxg2+ 22. Kxg2 Bxe4+ 23. Kg1 Rc2 24. Rf4 Rg2+ 25. Kf1 Rxh2 26. axb4 Bg2+ 27.
Kf2 Bd5+ 28. Ke1 Ne5 29. Nd2 O-O 30. Rh4 Re2+ 31. Qxe2 dxe2 32. fxe6 1-0

[Event "Gibraltar Chess Festival 2017 - Masters"]
[Site "Gibraltar ENG"]
[Date "2017.01.24"]
[Round "1.22"]
[White "Pourkashiyan, Atousa"]
[Black "Hou, Yifan"]
[Result "0-1"]
[WhiteElo "2303"]
[BlackElo "2651"]
[PlyCount "128"]
[EventDate "2017.01.24"]
[EventType "swiss"]
[EventRounds "10"]
[EventCountry "ENG"]
[SourceTitle "Ajedrez en Madrid"]
[Source "lmi"]
[SourceDate "2017.01.24"]

1. e4 e5 2. Nf3 Nc6 3. Bb5 a6 4. Ba4 Nf6 5. O-O Be7 6. d3 b5 7. Bb3 d6 8. a3
O-O 9. Nc3 Na5 10. Ba2 Be6 11. Bxe6 fxe6 12. d4 exd4 13. Nxd4 Qd7 14. Qd3 c5
15. Nf3 Nc6 16. Bg5 Rad8 17. Rad1 h6 18. Bc1 Qe8 19. h3 Qg6 20. Rfe1 Nd7 21.
Ne2 Rf6 22. Nh2 Nde5 23. Qe3 Nc4 24. Qg3 Qxg3 25. Nxg3 Nd4 26. c3 Nb3 27. Re2
a5 28. Nf3 Rff8 29. Nf1 a4 30. Ne3 Nb6 31. Kf1 Rc8 32. Nd2 Rc6 33. Nf3 Rfc8 34.
Ne1 b4 35. Nd3 bxc3 36. bxc3 Bf6 37. Bb2 Rf8 38. g3 Na5 39. Nf4 Kf7 40. Nh5
Nbc4 41. Nxf6 gxf6 42. Bc1 Rb6 43. Nxc4 Nxc4 44. e5 Nxe5 45. Bxh6 Rh8 46. Bf4
Nc4 47. h4 Rb3 48. Ke1 d5 49. Be3 Rc8 50. Rc2 Rxa3 51. g4 Rb3 52. Ra1 a3 53.
Bc1 e5 54. f3 e4 55. fxe4 Re8 56. Kf2 Rxe4 57. g5 Rxh4 58. Kg3 Rh1 59. gxf6 d4
60. Kg2 Ne3+ 61. Kxh1 Nxc2 62. Ra2 Rxc3 63. Bd2 Rc4 64. Kg1 Kxf6 0-1

[Event "Gibraltar Chess Festival 2017 - Masters"]
[Site "Gibraltar ENG"]
[Date "2017.01.24"]
[Round "1.23"]
[White "Piorun, Kacper"]
[Black "Povah, Nigel E"]
[Result "1-0"]
[WhiteElo "2651"]
[BlackElo "2298"]
[PlyCount "49"]
[EventDate "2017.01.24"]
[EventType "swiss"]
[EventRounds "10"]
[EventCountry "ENG"]
[SourceTitle "Ajedrez en Madrid"]
[Source "lmi"]
[SourceDate "2017.01.24"]

1. Nf3 d5 2. g3 Bg4 3. Bg2 c6 4. O-O Nd7 5. d3 e5 6. e4 Ngf6 7. h3 Bxf3 8. Qxf3
dxe4 9. dxe4 Bc5 10. a4 Qe7 11. Nd2 a5 12. Nc4 Qe6 13. Qe2 Nb6 14. Ne3 O-O 15.
Nf5 g6 16. Nh6+ Kg7 17. Kh2 Qc4 18. Qf3 Ng8 19. Nxg8 Rxg8 20. h4 f6 21. h5 Rgf8
22. Qg4 Qxc2 23. Qh4 Bxf2 24. Ra3 Bc5 25. Rc3 1-0

[Event "Gibraltar Chess Festival 2017 - Masters"]
[Site "Gibraltar ENG"]
[Date "2017.01.24"]
[Round "1.24"]
[White "Loh, Zachary"]
[Black "Anton Guijarro, David"]
[Result "0-1"]
[WhiteElo "2291"]
[BlackElo "2650"]
[PlyCount "66"]
[EventDate "2017.01.24"]
[EventType "swiss"]
[EventRounds "10"]
[EventCountry "ENG"]
[SourceTitle "Ajedrez en Madrid"]
[Source "lmi"]
[SourceDate "2017.01.24"]

1. e4 e6 2. d4 d5 3. Nc3 Nf6 4. Bg5 Be7 5. e5 Nfd7 6. h4 h6 7. Be3 c5 8. Qg4
Kf8 9. Nf3 cxd4 10. Bxd4 Nc6 11. O-O-O Nxd4 12. Rxd4 Qc7 13. Qg3 Nc5 14. Rf4
Bd7 15. Kb1 Rc8 16. Nd4 Kg8 17. Qe3 a6 18. Be2 b5 19. Bh5 g6 20. Bg4 b4 21.
Nxd5 exd5 22. e6 fxe6 23. Nxe6 Qd6 24. Nxc5 Rxc5 25. Re1 Rh7 26. Bxd7 Qxd7 27.
Rxb4 Rc6 28. Rb8+ Bf8 29. Qa3 Qd6 30. Qb3 Rf7 31. Rd1 Rxf2 32. Rxd5 Qxb8 33.
Rb5+ Kh8 0-1